000 00378nam a2200169Ia 4500
001 7926
003 IN-NITTTR
005 20251114233033.0
008 251113s9999||||xx |||||||||||||| ||eng||
040 _beng
040 _cIN-NITTTR
041 _aeng
082 _a157 Y27B
100 _aYates, Aubrey J.
245 0 _aBehavior therapy /
_cYates, Aubrey J.
942 _2ddc
_cBK
999 _c10564
_d10564